000 00682nam a2200229Ia 4500
003 OSt
005 20220918173646.0
006 a|||||r|||| 00| 0
007 ta
008 220917b |||||||| |||| 00| 0 eng d
024 _a7,584
037 _cTextual
040 _aARTS
_cARTS
_beng
041 _2eng
_aeng
082 _a5a:73:N5, H3-1
110 _aUNION First word
_946742
245 0 _aUnion list of serials in libraries of the United states and Canada, supplement to 2nd January 1941-December 1943, ed. by Gabrielle E. Malikoff
260 _c1942
700 _aUNION First word
_946743
942 _h5a:73:N5, H3-1
_cTEXL
_2CC
999 _c149453
_d149453